000 00667nam a2200193Ia 4500
999 _c65113
_d65113
003 GCL
005 20240530110808.0
008 140319s1984 ua 000 0 ara d
040 _aGCL /
_cGCL
082 0 4 _221
_a213.9 \
_bأ د
100 0 _aاجار طانلاق
245 1 2 _aالدليل الدولى للمؤسسات الثقافية الاسلامية /
_cاعداد اجار طانلاق ، احمد العجمى
250 _aط.1
260 _aتركيا :
_bمنظمة المؤتمر الاسلامى ،
_c1984
300 _a337 ص. ؛
_c24سم
650 0 7 _aالمؤسسات الثقافية
700 0 _aاحمد العجمى
942 _2ddc
_cBK